000
00256nam a2200097Ia 4500
001
696150
005
20250826162007.0
008
250824s9999 xx 000 0 und d
245
0
_a
TÜRKAN TEK VE TEK BAŞINA/A.KULİN/EVEREST
_c
AYŞE KULİN
260
_b
EVEREST
999
_c
696150
_d
696150